शैक्षिक ज्ञान और वर्चस्व (Record no. 296053)

MARC details
000 -LEADER
fixed length control field 00865nam a2200253Ia 4500
003 - CONTROL NUMBER IDENTIFIER
control field OSt
005 - DATE AND TIME OF LATEST TRANSACTION
control field 20220923211145.0
008 - FIXED-LENGTH DATA ELEMENTS--GENERAL INFORMATION
fixed length control field 220922b |||||||| |||| 00| 0 hin d
020 ## - INTERNATIONAL STANDARD BOOK NUMBER
International Standard Book Number 8186684336 (hbk)
037 ## - SOURCE OF ACQUISITION
Terms of availability Textual
040 ## - CATALOGING SOURCE
Original cataloging agency ARTS
Transcribing agency ARTS
Language of cataloging hin
041 ## - LANGUAGE CODE
Source of code hin
Language code of text/sound track or separate title hin
100 ## - MAIN ENTRY--PERSONAL NAME
Personal name कृष्ण कुमार
9 (RLIN) 156290
245 #0 - TITLE STATEMENT
Title शैक्षिक ज्ञान और वर्चस्व
246 ## - VARYING FORM OF TITLE
Title proper/short title Shaikṣhik jnyān aur varchasva
260 ## - PUBLICATION, DISTRIBUTION, ETC.
Place of publication, distribution, etc. नई दिल्ली
Name of publisher, distributor, etc. ग्रंथ शिल्पी
Date of publication, distribution, etc. 1998
300 ## - PHYSICAL DESCRIPTION
Extent 129पृ.
Dimensions cm.
942 ## - ADDED ENTRY ELEMENTS (KOHA)
Classification part T2.2, 152N8
Koha item type Textual
Source of classification or shelving scheme Colon Classification (CC)
Holdings
Withdrawn status Lost status Damaged status Not for loan Home library Current library Date acquired Source of acquisition Cost, normal purchase price Total Checkouts Full call number Barcode Date last seen Cost, replacement price Price effective from Koha item type
        Arts Library Arts Library 2022-09-23 368, 11/02/2011, Swaraj Prakashan 125.00   T2.2 152N8 AL1296427 2022-09-23 125.00 2022-09-23 Textual
Copyright @ Delhi University Library System